000 00701nam a22002417a 4500
999 _c863
_d863
001 863
003 BD-JhCC
005 20171016124654.0
008 171010s2006 bg |||| |||| 000 0 ben d
020 _a9848683933
035 _a(BD-JhCC)863
040 _aBD-JhCC
_dBD-JhCC
041 _aben
082 _a891.443
_bHOS 2006
100 _aহোসেন, সেলিনা
245 _aযুদ্ধ /
_cসেলিনা হোসেন
260 _aঢাকা:
_bঅন্যপ্রকাশ,
_c২০০৬.
300 _a৩২৫ পৃ. :
_c২২ সেমি.
504 _aIncludes Bibliography
650 _aBengali Novel
942 _2ddc
_cBK